000 00752nam a22001697a 4500
999 _c59483
_d59483
003 Ge_BSU
005 20230228111236.0
008 230228s2010 ge ||||| |||| 00| 0 geo d
041 _ageo
080 _a339.543(479.22)(094.4) ს-32
245 _aსაქართველოს საბაჟო კოდექსი :
_cცვლილებებითა და დამატებებით 2010 წლის 25 მარტამდე.
264 _aთბილისი :
_bბონა კაუზა,
_c2010.
300 _a157 გვ. ;
_b21 სმ.
490 _aიურისტის ბიბლიოთეკა
653 _aსაქართველოს საბაჟო კოდექსი.
942 _2udc
_cBK